000
00345pab a2200157 454500
008
180718b2013 xxu||||| |||| 00| 0 eng d
100
_a
Naik, B.M.
245
_a
Critique on RUSA
260
_c
2013
300
_a
p.94-101.
362
_a
30 Sep
650
_a
Higher education
773
_a
University News
908
_a
N
909
_a
101545
999
_c
101543
_d
101543